000 00388pab a2200157 454500
008 180718b2004 xxu||||| |||| 00| 0 eng d
100 _aVickers, Adrian
245 _aThe country and the cities
260 _c2004
300 _ap.304-317.
650 _aMigrant workers
650 _aMigration
650 _aLabour migration
773 _aJournal of Contemporary Asia
909 _a62770
999 _c62770
_d62770